| 000 | 00806nam a2200253 i 4500 | ||
|---|---|---|---|
| 001 | 6368 | ||
| 003 | ES-MaACL | ||
| 005 | 20231103062523.0 | ||
| 007 | t| | ||
| 008 | 891005s1985 fr ||||1| fre d | ||
| 020 | _a2-01-009044-6 | ||
| 080 | _a355.1(44)"1789/1799" | ||
| 080 | _a9(44)"1789/1799" | ||
| 100 | 1 |
_aBertaud, Jean-Paul. _928422 |
|
| 245 | 1 | 3 |
_aLa Vie quotidienne des soldats de la revolution _b: 1789-1799 / _cJean-Paul Bertaud. |
| 260 |
_a[Paris] : _bHachette, _c1985. |
||
| 300 |
_a326 p. ; _c20 cm. |
||
| 490 | 1 | _aHachette Litterature | |
| 650 | 1 | 4 |
_aMilitares- _zFrancia- _y1789-1799. _915047 |
| 651 | 4 |
_aFrancia- _xHistoria- _y1789-1799, Revolución _98685 |
|
| 830 | 0 |
_aHachette Litterature _9180437 |
|
| 852 |
_aES-MaACL _jL-13533 _bR.117162 _z. - rust. |
||
| 999 |
_c6368 _d6368 |
||